| 000 | 01512nam a2200469 i 4500 | ||
|---|---|---|---|
| 001 | 45499 | ||
| 003 | KOSZ 005 | ||
| 005 | 20211215081852.0 | ||
| 008 | 040726s2004 pl a |001 0 pol | ||
| 015 | _aUWD 2004/14680 | ||
| 020 | _a8373614338 | ||
| 035 | _a991024373979705066 | ||
| 035 | _a(PL-WaBN)b16650311-48omnis_nlop | ||
| 035 | _ab16650311 | ||
| 035 | _a(OCoLC)830623097 | ||
| 035 | _a(PL)b0000001665031 | ||
| 035 | _a(EXLNZ-48OMNIS_NETWORK)9910276948605606 | ||
| 040 |
_aWA N _cWA N _dKOSZ 005/HR |
||
| 041 | 0 | _apol | |
| 046 | _k2004 | ||
| 080 | _a004.438 | ||
| 080 | _a(07) | ||
| 100 | 1 |
_aWróbel, Eugeniusz _d(1951-2010) _eAutor |
|
| 245 | 1 | 0 |
_aPraktyczny kurs asemblera / _cEugeniusz Wróbel. |
| 260 |
_aGliwice : _b"Helion", _ccop. 2004. |
||
| 300 |
_a383 s. : _bfot., rys., tab. ; _c24 cm + _eCD-ROM. |
||
| 336 |
_aTekst _btxt _2rdacontent |
||
| 337 |
_aBez urządzenia pośredniczącego _bn _2rdamedia |
||
| 338 |
_aWolumin _bnc _2rdacarrier |
||
| 380 | _aKsiążki | ||
| 380 | _aPublikacje dydaktyczne | ||
| 388 | _a2001- | ||
| 500 | _aU dołu s. tyt. i okł.: wkrocz w świat programowania w języku assemblera. | ||
| 504 | _aIndeks. | ||
| 650 | 7 |
_aAsemblery _2DBN |
|
| 655 | 7 |
_aPodręcznik _2DBN |
|
| 658 | _aInformatyka i technologie informacyjne | ||
| 710 | 2 |
_aHelion _4pbl |
|
| 856 |
_uhttp://koha.tu.koszalin.pl/cgi-bin/koha/opac-detail.pl?biblionumber=45499 _yKatalog online BPK |
||
| 942 |
_2UKD _cKS |
||
| 999 |
_c45499 _d45499 |
||